Linh kiện quang điện tử

Sách trình bày hầu hết các loại linh kiện quang điện tử quan trọng với phần vật lý cơ bản, mạch điện ứng dụng và sơ đồ chân, cùng đặc trưng kỹ thuật của một số linh kiện thương mãi tiêu biểu. Trong phần phụ lục, sách giới thiệu bảng g...

全面介紹

Đã lưu trong:
書目詳細資料
主要作者: Dương, Minh Trí
格式: 圖書
語言:Undetermined
出版: Hà Nội Khoa học và Kỹ thuật 2004
主題:
標簽: 添加標簽
沒有標簽, 成為第一個標記此記錄!
Thư viện lưu trữ: Trung tâm Học liệu Trường Đại học Cần Thơ
LEADER 01070nam a2200205Ia 4500
001 CTU_111056
008 210402s9999 xx 000 0 und d
020 |c 48000 
082 |a 621.381045 
082 |b Tr300 
100 |a Dương, Minh Trí 
245 0 |a Linh kiện quang điện tử 
245 0 |c Dương Minh Trí 
260 |a Hà Nội 
260 |b Khoa học và Kỹ thuật 
260 |c 2004 
520 |a Sách trình bày hầu hết các loại linh kiện quang điện tử quan trọng với phần vật lý cơ bản, mạch điện ứng dụng và sơ đồ chân, cùng đặc trưng kỹ thuật của một số linh kiện thương mãi tiêu biểu. Trong phần phụ lục, sách giới thiệu bảng giá tiền linh kiện quang điện tử trên thị trường thế giới. 
650 |a Electronic devices,Electronic apparatus and appliances,Optoelectronics 
904 |i Minh 
980 |a Trung tâm Học liệu Trường Đại học Cần Thơ